MDQL
is popping MORE tags! Check the
thread
!
Quizzes
Events
Quiz Creation
Community
Videos
Private Events
Remove Ads
Sign In
Join for FREE
Feedback
Dark Mode
Quiz Categories
Sports
Geography
Music
Movies
Television
Just For Fun
Miscellaneous
History
Literature
Language
Science
Gaming
Entertainment
Religion
Holiday
For Kids
Quiz Lab
Recent
Popular Today
Quiz Kudos Today
Editor Picks
Curator Picks
Quizzes by...
Day
Popularity
Type
Ratings
Length
Year
Community
Subscriptions
Recent Discussions
Orange Saloon
Badges
Playlists
Quests
Create
Leaderboards
Showdown
Live 5
Trivia Bingo
Activity
Puzzle Library
Sporcle Events
Private Events
Virtual Trivia
Globe League
Become a Host
Pub Owners
SporcleCon
Opinionation
Our Games
Videos
Blog
Mobile Apps
Partnerships
Remove Ads and Go Orange
Feedback
Gaming
Video Games
Board Games
Card Games
Pokémon
Mario
Nintendo
Minecraft
Console
Toys
Legend of Zelda
Gaming
Video Games
Board Games
Card Games
Pokémon
Mario
Nintendo
Minecraft
Console
Toys
Legend of Zelda
Random Quiz
Search Sporcle
×
Quiz Lab
Quiz Lab
Gaming
debut
Type in answers that appear in a list
Type in answers that appear in a list
Classic
Best Score? Go Orange.
Baconcraftia UHC Participants Stats
Can you name the Baconcraftia UHC Participants?
By
mistaunicorn
10m
59 Questions
50 Plays
50 Plays
50 Plays
Comments
Comments
Give Quiz Kudos
Give Quiz Kudos
-
- Ratings
hide this ad
Replay
Link that replays current quiz
Next Quiz
Link to next quiz in quiz playlist
You Got
0%
They Got
Avg Score
47%
Avg Friend Score
Upgrade to see
Score Distribution
Jump to the score distribution portion of the page
Score
0/59
Timer
10:00
0
Plays Today
Debut Season
Participant
% Correct
Season 1
KirbyATK48
94%
Season 1
JDog_24
86%
Season 14
Strauberry_Kiwi
82%
Season 19
BBR_
74%
Season 19
MistaUnicorn
72%
Season 21
Pizzarcato
72%
Season 14
Bapi
64%
Season 2
BluePandaWizard
62%
Season 13
CNSpencer
62%
Season 17
1mpaired
60%
Season 18
78ford
60%
Season 22
Balone
56%
Season 22
ThinWhiteMale
56%
Season 2
Drumgod97
54%
Season 18
KittyWitty120
54%
Season 22
Glyphical
54%
Season 4
MooseBunns
52%
Season 11
OstrichBunns
52%
Season 15
AwesomeAssassin
52%
Season 17
marcaron
52%
Season 20
TimGB
52%
Season 17
Regifloat
50%
Season 20
BZ_STEVE
50%
Season 14
AgentK98
48%
Season 19
iRedx
48%
Season 20
Kryotos
48%
Season 3
Cobalt1
46%
Season 4
CandlelightBob
46%
Season 4
OverworldGamerRG
46%
Season 9
MC_Jackson22
46%
Debut Season
Participant
% Correct
Season 17
PinkSwiper
46%
Season 17
Rockbuster
46%
Season 2
NinjaChef27
44%
Season 13
lance8773
44%
Season 22
2TNT2002
44%
Season 9
WonderWaffles22
42%
Season 16
HuskyYordie
42%
Season 17
dangers93
42%
Season 21
Absentduck
42%
Season 17
pyropainter
40%
Season 19
dino_yoshi13
40%
Season 4
DarkeningFyre
38%
Season 13
Rush_Rage
38%
Season 18
GamingMes
38%
Season 19
Crimson5M
36%
Season 21
ArcherOnSkis
36%
Season 21
Gameslayer989
36%
Season 5
9reck9
34%
Season 18
xXChristineXx
34%
Season 19
CrystalKitty15
34%
Season 21
Kyster
34%
Season 5
The_Nads
32%
Season 13
AethanThorson
32%
Season 15
Cokezero2
32%
Season 18
ZaBenderman
32%
Season 12
Swarm33
30%
Season 17
ExplosivPancak3
30%
Season 18
BubbleGumMatt2
30%
Season 17
Lordbaco
28%
Quiz Playlist
Details
Report
Send in Message
Add To Playlist
Classic:
Type in answers that appear in a list
Last Updated: Feb 16, 2017
Quiz Scoreboard
CHALLENGE
Sign Up to Join the Scoreboard
Show All
Scores
Hide
Comments
May contain spoilers
Recently Published
Image Sorting: Flags VI
by Barbecue
Geography
2m
Find the 'City' Movie
by crazypaving
Movies
60s
Colored Red Africa Blitz
by spor1
Geography
45s
More to Explore
Quiz From the Vault
Featured Blog Post
14 Easter Pick-up Lines to Find Eggs With
hide this ad
You Might Also Like...
Tags
debut
participant
season
Today's Top Quizzes in Gaming
Browse Gaming
hide this ad
Today's Top Quizzes in debut
Browse debut
Top Contributed Quizzes in Gaming
1
League of Legends Pro Players by Career/Team History
2
Destiny 2 exotic weapons by perk icons
3
Genshin Impact Logic Puzzle
4
Genshin murder mystery
5
Dead By Daylight Logic Puzzle
6
4x4 Decades: Video Games
7
Ultimate Genshin Impact Logic Puzzle (up to 4.3)
8
Overwatch Logic Puzzle
9
Who's on the WWE 2K24 Cover?
10
Overwatch 2: Ultimate Ability Icons
Explore More
Trending Topics
Disney
Kpop
Harry Potter
Crossword
Marvel
Anime
NBA
WWE
Song
Pokémon
Country
NFL
Puzzle
Soccer
The Office
hide this ad
More By:
mistaunicorn
Quiz
Plays
Rating
Category
Featured
Created
Mindcrack UHC Participants Quiz
232
5.00
Gaming
Feb 21, 2016
Baconcraftia UHC Participants
50
Gaming
Dec 30, 2016
Go to Creator's Profile
Score Distribution
Quiz Creator Spotlight
mistaunicorn
Follow
Send a Message
Quizzes Created
-
Created Quiz Play Count
-
More By This Creator
Popular Quizzes Today
1
Colored Red Africa Blitz
2
Find the US States - No Outlines Minefield
3
Find the 'City' Movie
4
5x2 Blitz: Bands
5
The Countries of the World
6
Find the US States
7
Find the Countries of Europe - No Outlines Minefield
8
US States
More Gaming Quizzes
Clueless Letter Lines: Stratego
Editor's Pick
Trending Quizzes
Colored Red Europe Blitz I
Colored Red Africa Blitz II
Colored Red Europe Blitz II
Colored Red Africa Blitz III
Colored Red Europe Blitz III
Recently Updated
How Do You Spell That?
pecheneg
Godzilla Movies
pecheneg
Grab Bag: 4-10 Letters
pecheneg
2024 March Madness Bracket
pecheneg
Famous TV Couples
Peacemaker
Champions League XIs: Real Madrid
pecheneg
Largest US Cities 1790-2010
pecheneg
Rides in Walt Disney World
pecheneg
Most Oscar Losses (Acting)
pecheneg
Beyoncé Albums
pecheneg
Trending Topics
NBA
Crossword
Kpop
Anime
Disney
Harry Potter
Marvel
NFL
The Office
Country
Song
Pokémon
Soccer
Puzzle
WWE
Your Account Isn't Verified!
In order to create a playlist on Sporcle, you need to verify the email address you used during registration. Go to your
Sporcle Settings
to finish the process.
Report this User
Report this user for behavior that violates our
Community Guidelines
.
Details:
Send Report
Go to the Sporcle.com Mobile Site →
Comments